[Event "Match"]
[Site "www.echecsemail.com"]
[Date "2016.10.20"]
[Round "1"]
[White "Orae"]
[Black "Whitekknight"]
[WhiteElo "1810"]
[BlackElo "1970"]
[Result "0-1"]
[Round "1"]
1.e4 e5
2.Bf1c4 Ng8f6
3.Nb1c3 Nb8c6
4.Ng1f3 Bf8c5
5.h3 O-O
6.O-O h6
7.d3 d6
8.Bc1e3 Bc5b4
9.Nc3e2 Qd8e8
10.c3 Bb4a5
11.b4 Ba5b6
12.b5 Bb6xe3
13.fxe3 Nc6a5
14.Ne2g3 Na5xc4
15.dxc4 Bc8e6
16.Nf3d2 a6
17.Ng3h5 Nf6h7
18.Qd1f3 Kh8
19.Qf3g3 Rf8g8
20.a4 Qe8f8
21.Nd2f3 g6
22.Nh5f6 Nh7xf6
23.Qg3h4 Qf8g7
24.Nf3h2 g5
25.Qh4f2 Nf6xe4
26.Qf2c2 Ne4f6
27.Qc2e2 Nf6e4
28.Qe2d3 Qg7g6
29.Rf1f3 f5
30.Ra1a3 Ne4f6
31.Qd3f1 Ra8f8
 { time }
0-1

[Event "Match"]
[Site "www.echecsemail.com"]
[Date "2016.10.20"]
[Round "1"]
[White "Orae"]
[Black "Libiesse"]
[WhiteElo "1790"]
[BlackElo "1950"]
[Result "0-1"]
[Round "1"]
1.e4 c5
2.Bf1c4 e6
3.Ng1f3 a6
4.d4 cxd4
5.Nf3xd4 Nb8c6
6.Nd4xc6 bxc6
7.Nb1c3 d5
8.exd5 cxd5
9.Bc4e2 Bf8b4
10.O-O Ng8e7
11.Nc3b1 O-O
12.Qd1d4 Qd8d6
13.b3 Ne7c6
14.Qd4h4 Qd6e5
15.Be2d3 h6
16.Bc1xh6 Qe5xa1
17.Bd3h7 Kxh7
18.Bh6e3 Kg8
19.Qh4g3 Qa1f6
20.Qg3c7 e5
21.f4 e4
22.g3 Bc8h3
23.Rf1d1 d4
24.Be3c1 Bb4c5
25.Nb1d2 d3
26.Kh1 dxc2
27.Rd1e1 Ra8a7
 { time }
0-1

[Event "Match"]
[Site "www.echecsemail.com"]
[Date "2016.10.20"]
[Round "1"]
[White "Wwgia"]
[Black "Leochessnut"]
[WhiteElo "1980"]
[BlackElo "1900"]
[Result "1-0"]
[Round "1"]
1.d4 Ng8f6
2.c4 e6
3.Ng1f3 Bf8b4
4.Nb1d2 b6
5.a3 Bb4xd2
6.Qd1xd2 O-O
7.b4 a5
{ time. }
1-0

[Event "Match"]
[Site "www.echecsemail.com"]
[Date "2016.10.20"]
[Round "1"]
[White "Cersav"]
[Black "Umutkrc"]
[WhiteElo "1449"]
[BlackElo "1920"]
[Result "0-1"]
[Round "1"]
1.e4 d6
2.Qd1h5 Ng8f6
3.Qh5f3 e5
4.Nb1c3 Nb8c6
5.Qf3e3 Nf6g4
6.Qe3e2 Nc6d4
7.Qe2d1 Qd8f6
8.f3 Ng4h6
9.Nc3d5 Qf6d8
10.Ng1e2 Nd4xe2
11.Bf1xe2 c6
12.Nd5c3 f5
13.d4 f4
14.Qd1d3 Nh6f7
15.Bc1d2 Qd8h4
16.g3 fxg3
17.O-O-O gxh2
18.d5 c5
19.Nc3b5 Qh4d8
20.Rh1xh2 a6
21.Nb5c3 b5
22.a4 c4
23.Qd3e3 h6
24.Qe3g1 g5
25.b3 Ra8b8
26.Qg1f1 bxa4
27.Nc3xa4 cxb3
28.Na4b2 bxc2
29.Kxc2 Bc8d7
30.Be2c4 Qd8b6
31.Nb2d3 Bd7a4
32.Kc3 Qb6d4

0-1

[Event "Match"]
[Site "www.echecsemail.com"]
[Date "2016.10.20"]
[Round "1"]
[White "Gatrooper"]
[Black "Jjmcbride"]
[WhiteElo "1640"]
[BlackElo "1350"]
[Result "0-1"]
[Round "1"]
1.e4 e6
2.d4 c5
3.e5 f6
4.exf6 Ng8xf6
5.dxc5 Bf8xc5
6.Bc1e3 Bc5xe3
7.fxe3 e5
8.Nb1c3 e4
9.Bf1c4 a6
10.Bc4b3 Nb8c6
11.Ng1h3 d5
12.Nh3g5 Nc6e5
13.h4 h6
 { time }
0-1

[Event "Fast Game"]
[Site "www.echecsemail.com"]
[Date "2016.10.20"]
[Round "1"]
[White "Fvdp"]
[Black "Attatroll"]
[WhiteElo "2019"]
[BlackElo "1860"]
[Result "1-0"]
[Round "1"]
1.e4 d6
2.d4 Ng8f6
3.Nb1c3 g6
4.f4 Bf8g7
5.Ng1f3 c5
6.dxc5 Qd8a5
7.Bf1d3 Qa5xc5
8.Qd1e2 Bc8g4
9.Bc1e3 Qc5b4
10.O-O O-O
11.Ra1b1 Nb8c6
12.h3 Bg4xf3
13.Qe2xf3 Nc6d4
14.Qf3f2 e5
15.a3 Qb4b6
16.Nc3b5 a6
17.Nb5xd4 exd4
18.Be3xd4 Qb6c7
19.f5 Nf6d7
20.f6 Bg7h8
21.g4 Rf8e8
22.g5 Nd7e5
23.h4 Qc7d7
24.Qf2g3 Ne5c6
25.Bd4c3 Ra8c8
26.h5 b5
27.hxg6 hxg6
28.Qg3h4 Nc6e5
29.Rf1f2 Qd7g4
30.Qh4xg4 Ne5xg4
31.Rf2g2 Ng4e5
32.Kf2 Rc8d8
33.Rb1h1 d5
34.Bc3xe5 Re8xe5
35.Rg2h2 Bh8xf6
36.gxf6 Re5h5
37.Rh2xh5 gxh5
38.Rh1xh5 dxe4
39.Bd3xe4 { resign }
1-0

[Event "Tourn. n8986"]
[Site "www.chess-mail.com"]
[Date "2016.10.21"]
[Round "1"]
[White "Luban"]
[Black "Malbertan"]
[WhiteElo "1990"]
[BlackElo "2040"]
[Result "0-1"]
[Round "1"]
1.d4 e5
2.dxe5 Nb8c6
3.Ng1f3 Qd8e7
4.a3 Nc6xe5
5.e3 Ng8f6
6.Nf3xe5 Qe7xe5
7.c4 d5
8.Nb1c3 Bc8e6
9.Bf1e2 O-O-O
10.Qd1b3 d4
11.exd4 Qe5xd4
12.Bc1e3 Qd4h4
13.Be2f3 b6
14.Bf3c6 Qh4xc4
15.Qb3xc4 Be6xc4
16.f3 Bf8d6
17.Kf2 Bd6e5
18.Ra1c1 Be5xc3
19.Rc1xc3 Bc4d5
20.Rh1c1 Bd5xc6
21.Rc3xc6 Nf6d5
22.Be3g5 f6
23.Bg5h4 Kb7
24.Bh4g3 Rd8c8
25.Rc6c2 f5
26.Bg3e5 Rh8g8
27.f4 g6
28.b4 c6
29.g3 Rg8d8
30.Kf3 Nd5e7
31.Be5f6 Rd8e8
32.Bf6xe7 Re8xe7
33.Rc2d2 Re7c7
34.Rc1d1 c5
35.b5 Rc8e8
36.Rd2d7 Re8e7
37.Rd7xc7 Re7xc7
38.a4 Kc8
39.Rd1d6 Rc7d7
40.Rd6c6 Kd8
41.Rc6e6 Rd7d4
{ resign }
0-1

[Event "Tourn. n8979"]
[Site "www.chess-mail.com"]
[Date "2016.10.21"]
[Round "1"]
[White "Norlavuaram"]
[Black "Bronstein70"]
[WhiteElo "2170"]
[BlackElo "2230"]
[Result "0-1"]
[Round "1"]
1.e4 e5
2.Ng1f3 Nb8c6
3.Bf1b5 Ng8f6
4.O-O a6
5.Bb5a4 Bf8c5
6.d3 d6
7.c3 O-O
8.h3 Bc8d7
9.Nb1d2 b5
10.Ba4b3 Ra8b8
11.Rf1e1 h6
12.Nd2f1 Nc6a5
13.Bb3c2 b4
14.d4 bxc3
15.bxc3 exd4
16.cxd4 Bc5b4
17.Bc1d2 Na5c6
18.Ra1b1 Rf8e8
19.d5 Bb4xd2
20.Qd1xd2 Nc6e5
21.Nf3d4 c5
22.dxc6 Ne5xc6
23.Nd4f3 Nc6e5
24.Nf3xe5 dxe5
25.Re1d1 Bd7e6
26.Qd2e2 Qd8a5
27.Bc2b3 Be6xb3
28.axb3 Re8d8
29.Rd1xd8 Rb8xd8
30.Rb1a1 Qa5xa1
{ resign }
0-1

[Event "Tourn. n9023"]
[Site "www.chess-mail.com"]
[Date "2016.10.21"]
[Round "1"]
[White "Prize640"]
[Black "Norlavuaram"]
[WhiteElo "2199"]
[BlackElo "2210"]
[Result "1/2-1/2"]
[Round "1"]
1.e4 e5
2.Bf1c4 Ng8f6
3.d3 Nb8c6
4.Ng1f3 Bf8e7
5.O-O O-O
6.c3 d5
7.exd5 Nf6xd5
8.Rf1e1 Be7f6
9.h3 a6
10.Bc4b3 Rf8e8
11.Nb1a3 Bc8f5
12.Bb3c2 Bf5g6
{ draw }
1/2-1/2

[Event "Tourn. n8998"]
[Site "www.chess-mail.com"]
[Date "2016.10.21"]
[Round "1"]
[White "Falcoale"]
[Black "Cal"]
[WhiteElo "1600"]
[BlackElo "1670"]
[Result "1-0"]
[Round "1"]
1.e4 e5
2.Ng1f3 d6
3.Bf1c4 h6
4.d4 Ng8f6
5.Nb1c3 exd4
6.Nf3xd4 Bf8e7
7.O-O c5
8.Nd4b3 Nb8c6
9.Nc3d5 O-O
10.Nd5xe7 Nc6xe7
11.Qd1f3 Bc8g4
12.Qf3g3 Ne7g6
13.Bc4d3 b6
14.h3 Bg4h5
15.f4 Nf6h7
16.f5 Ng6e5
17.Bc1xh6 f6
18.Qg3xg7 { resign }
1-0

[Event "Match"]
[Site "www.echecsemail.com"]
[Date "2016.10.21"]
[Round "1"]
[White "Paco"]
[Black "Orae"]
[WhiteElo "1920"]
[BlackElo "1810"]
[Result "1-0"]
[Round "1"]
1.e4 e5
2.Ng1f3 Nb8c6
3.d4 Bf8b4
4.Bc1d2 Bb4xd2
5.Qd1xd2 Ng8f6
6.Nf3xe5 Nf6xe4
7.Qd2f4 Ne4f6
8.d5 Nc6xe5
9.Qf4xe5 Qd8e7
10.Qe5xe7 Kxe7
11.c4 d6
12.Bf1d3 Rh8e8
13.O-O Kf8
14.Nb1c3 g6
15.Nc3b5 Re8e7
16.a4 a6
17.Nb5d4 c5
18.Nd4b3  { time }
1-0

[Event "Match"]
[Site "www.echecsemail.com"]
[Date "2016.10.21"]
[Round "1"]
[White "Cpace92"]
[Black "Caspito"]
[WhiteElo "1199"]
[BlackElo "1770"]
[Result "0-1"]
[Round "1"]
1.e4 e5
2.Ng1f3 Nb8c6
3.Bf1b5 a6
4.Bb5a4 b5
5.Ba4b3 Ng8h6
6.c3 Bf8c5
7.d4 exd4
8.cxd4 Bc5b6
 { time }
0-1

[Event "Match"]
[Site "www.echecsemail.com"]
[Date "2016.10.21"]
[Round "1"]
[White "Roohbakhsh"]
[Black "Cal"]
[WhiteElo "1499"]
[BlackElo "1670"]
[Result "1-0"]
[Round "1"]
1.d4 d5
2.c4 dxc4
3.Ng1f3 h6
4.Qd1a4 c6
5.Qa4xc4 Ng8f6
6.Nb1c3 b5
7.Qc4d3 e6
8.e4 Bf8e7
9.Bf1e2 O-O
10.O-O Bc8a6
11.Qd3c2 Nb8d7
12.e5 Nf6h7
13.a4 b4
14.Nc3e4 Ba6xe2
15.Qc2xe2 f5
16.exf6 Be7xf6
17.Qe2c4 Qd8e7
18.Qc4xc6 a5
19.Bc1f4 Ra8c8
20.Qc6b5 Rc8c2
21.Bf4d6 Qe7f7
22.Bd6xf8 Nd7xf8
23.Ra1b1 Bf6d8
24.h3 Bd8c7
25.Rf1c1 Rc2xc1
26.Rb1xc1 Bc7f4
27.Rc1c8 Qf7g6
28.Qb5d3 Qg6f5
29.Rc8c5 Qf5g6
30.Rc5xa5 Nf8d7
31.Ra5a8 Nd7f8
32.a5 e5
33.a6 Nh7g5
34.Nf3xg5 hxg5
35.a7 Qg6c6
36.Ra8xf8 Kxf8
37.g3 Bf4c1
38.Ne4d6 Bc1xb2
39.Qd3e4 Qc6c1
40.Kg2 Bb2xd4
41.a8Q Ke7
42.Nd6f5 Kf6
43.Qa8a6 Kf7
44.Qe4b7 Kf8
45.Qa6a8 Qc1c8
46.Qa8xc8 { resign }
1-0

[Event "Match"]
[Site "www.echecsemail.com"]
[Date "2016.10.21"]
[Round "1"]
[White "Rindrandria"]
[Black "Ranjachess"]
[WhiteElo "1680"]
[BlackElo "1750"]
[Result "1-0"]
[Round "1"]
1.e4 e5
2.b4 Bf8xb4
3.c3 Bb4c5
4.Qd1a4 Ng8f6
5.d4 Bc5d6
6.d5 c6
7.Bc1a3 b5
8.Qa4b3 Nf6xe4
9.Ba3xd6 Ne4xd6
10.c4 Bc8a6
11.Qb3b4 Nd6xc4
12.Bf1xc4 bxc4
13.d6 O-O
14.h4 Ba6b5
15.a4 c5
16.Qb4xc5 Qd8a5
17.Nb1d2 c3
18.Nd2c4 c2
19.Nc4xa5 Bb5xa4
20.Ra1xa4 Nb8c6
21.Na5xc6 dxc6
22.Qc5xc2 Rf8c8
23.Ng1f3 f6
24.Qc2a2 Kf8
25.Ra4xa7 Ra8xa7
26.Qa2xa7 c5
27.Qa7e7 Kg8
28.d7 Rc8f8
29.d8R Rf8xd8
30.Qe7xd8 Kf7
31.h5 h6
32.Nf3h4 g5
33.Nh4f5 Ke6
34.g4 e4
35.Qd8d6 Kf7
36.Qd6e7 Kg8
37.Qe7g7 
1-0

[Event "1/4 Finale"]
[Site "www.chess-mail.com"]
[Date "2016.10.21"]
[Round "1"]
[White "Conde7"]
[Black "Seger"]
[WhiteElo "2890"]
[BlackElo "2780"]
[Result "1-0"]
[Round "1"]
1.e4 c5
2.Ng1f3 d6
3.d4 cxd4
4.Nf3xd4 Ng8f6
5.Nb1c3 a6
6.h3 b5
7.g4 e5
8.Nd4f5 g6
9.Nf5g3 Nb8c6
10.Bc1e3 Bc8e6
11.a4 b4
12.Nc3d5 Nf6d7
13.a5 Bf8g7
14.Nd5b6 Nd7xb6
15.axb6 Nc6d4
16.b7 Ra8b8
17.Bf1xa6 b3
18.cxb3 d5
19.Ng3e2 dxe4
20.Ne2xd4 exd4
21.Ba6b5 Ke7
22.Be3g5 Bg7f6
23.Bg5xf6 Kxf6
24.Bb5c6 Qd8d6
25.Bc6xe4 Qd6e5
26.Qd1f3 Kg7
27.O-O h5
28.Be4c6 hxg4
29.Qf3g3 Qe5xg3
30.fxg3 gxh3
31.Rf1d1 Be6xb3
32.Rd1xd4 Kf6
33.Kh2 Bb3e6
34.Bc6f3 Ke5
35.Rd4a4 Kd6
36.Ra4a8 Kc7
37.Ra1d1 g5
38.g4 Be6xg4
39.Bf3xg4 Kxb7
40.Ra8a5 Kb6
41.Ra5xg5 Rb8d8
42.Bg4d7 Rd8g8
43.Rg5b5 Kc7
44.Bd7xh3 Kc6
45.Rb5b3 Rg8g6
46.Rd1c1 Kd5
47.Rb3b7 f5
48.Rb7b5 Kd4
49.Rb5xf5 Rg6e6
50.Rc1g1 { resign }
1-0

[Event "Tourn. n9015"]
[Site "www.chess-mail.com"]
[Date "2016.10.22"]
[Round "1"]
[White "Mitja"]
[Black "Norlavuaram"]
[WhiteElo "2000"]
[BlackElo "2240"]
[Result "0-1"]
[Round "1"]
1.d4 Ng8f6
2.e3 g6
3.Bf1e2 Bf8g7
4.c3 O-O
5.Ng1f3 d5
6.b3 b6
7.Bc1b2 c5
8.dxc5 bxc5
9.h3 e6
10.O-O Bc8b7
11.Nb1a3 Nb8c6
12.Ra1c1 Ra8c8
13.Bb2a1 Qd8e7
14.c4 Rf8d8
15.Be2d3 d4
16.Qd1e2 e5
17.e4 Nf6h5
18.g3 Qe7d7
19.Kg2 Nh5f6
20.Ba1b2 Rd8f8
21.Qe2d2 Rc8e8
22.Rc1e1 Nc6b4
23.Bb2c1 Nf6h5
24.Na3b1 Nb4xd3
25.Qd2xd3 f5
26.Nb1d2 Nh5f6
27.Nf3h2 fxe4
28.Nd2xe4 Nf6xe4
29.Re1xe4 Bb7xe4
30.Qd3xe4 Qd7f5
31.Qe4d5 Kh8
32.Qd5xc5 Qf5f7
33.Bc1a3 Re8c8
34.Qc5a5 e4
35.Ba3xf8 Bg7xf8
36.Qa5d2 Bf8g7
37.Rf1e1 Rc8e8
38.Nh2g4 Qf7f3
39.Kg1 e3
40.fxe3 Qf3xg3
41.Qd2g2 Qg3xe1
{ resign }
0-1

[Event "Tourn. n8994"]
[Site "www.chess-mail.com"]
[Date "2016.10.22"]
[Round "1"]
[White "Hansen"]
[Black "Mao"]
[WhiteElo "1600"]
[BlackElo "1710"]
[Result "0-1"]
[Round "1"]
1.e4 e5
2.g3 Ng8f6
3.Nb1c3 Nb8c6
4.Ng1f3 Bf8c5
5.a3 d6
6.b4 Bc5b6
7.Nc3d5 Nf6xe4
8.h4 Ne4xf2
9.Qd1e2 Nf2xh1
10.d4 Nh1xg3
11.Qe2g2 Nc6xd4
12.Ra1a2 Nd4xf3
13.Qg2xf3 Ng3xf1
14.Kxf1 Qd8xh4
15.c3 Bc8e6
16.Nd5xc7 Bb6xc7
17.Qf3xb7 Ra8c8
18.Bc1e3 O-O
19.Qb7g2 Be6h3
20.Be3f2 Bh3xg2
21.Kxg2 Qh4e4
22.Kf1 Qe4b1
23.Kg2 Qb1xa2
24.Kf3 e4
25.Ke3 Bc7b6
{ resign }
0-1

[Event "Tourn. n8983"]
[Site "www.chess-mail.com"]
[Date "2016.10.22"]
[Round "1"]
[White "Falcoale"]
[Black "Mao"]
[WhiteElo "1610"]
[BlackElo "1690"]
[Result "1-0"]
[Round "1"]
1.e4 c5
2.Ng1f3 d6
3.d4 cxd4
4.Nf3xd4 Ng8f6
5.Bf1d3 Nb8c6
6.Nd4b3 g6
7.O-O Bf8g7
8.Nb1c3 O-O
9.f4 e5
10.Nc3d5 Bc8e6
11.f5 Be6xd5
12.exd5 Nf6xd5
13.Bd3e4 Nd5f6
14.Be4f3 e4
15.Bf3e2 Qd8c7
16.c3 Ra8d8
17.Bc1g5 d5
18.Nb3d4 h6
19.Bg5h4 Qc7d7
20.Bh4g3 Nc6xd4
21.cxd4 Qd7xf5
22.Rf1xf5 { resign }
1-0

[Event "Tourn. n8920"]
[Site "www.chess-mail.com"]
[Date "2016.10.22"]
[Round "1"]
[White "Bojan"]
[Black "Ztornad"]
[WhiteElo "1870"]
[BlackElo "1820"]
[Result "1-0"]
[Round "1"]
1.e4 e5
2.Ng1f3 d6
3.Bf1c4 Bc8e6
4.Bc4xe6 fxe6
5.d3 h6
6.c4 Nb8d7
7.Bc1e3 Ng8f6
8.Nb1c3 a6
9.Qd1b3 b6
10.d4 exd4
11.Nf3xd4 Nf6g4
12.Be3d2 Nd7c5
13.Qb3c2 Ng4e5
14.b4 Nc5b7
15.O-O Qd8f6
16.f4 Ne5xc4
17.Nd4c6 Nb7d8
18.Nc6xd8 Qf6xd8
19.Bd2c1 Qd8h4
20.g3 Qh4e7
21.Nc3e2 b5
22.Ne2d4 Qe7d7
23.a4 Qd7c8
24.f5 e5
25.Nd4e6 Qc8d7
26.axb5 a5
27.Qc2xc4 Ra8c8
28.bxa5 c5
29.a6 Qd7a7
30.Rf1d1 Rh8h7
31.Bc1e3 g5
32.fxg6 Rh7d7
33.Rd1f1 Rd7g7
34.Ne6xf8 Qa7e7
35.a7 Rc8a8
36.b6 Qe7b7
37.Rf1f7 Rg7xf7
38.Qc4xf7 Qb7xf7
39.gxf7 Kxf8
40.b7 Ra8d8
41.b8Q Rd8xb8
42.axb8Q Kxf7
43.Qb8xd6 h5
44.Ra1a7 Ke8
45.Qd6b8 { resign }
1-0

[Event "Tourn. n8921"]
[Site "www.chess-mail.com"]
[Date "2016.10.22"]
[Round "1"]
[White "Seger"]
[Black "Conde7"]
[WhiteElo "2770"]
[BlackElo "2870"]
[Result "1/2-1/2"]
[Round "1"]
1.d4 Ng8f6
2.c4 e6
3.Ng1f3 d5
4.Nb1c3 c6
5.Bc1g5 h6
6.Bg5xf6 Qd8xf6
7.e3 Bf8d6
8.Bf1d3 Nb8d7
9.e4 dxc4
10.e5 Qf6d8
11.Bd3xc4 Bd6e7
12.O-O b5
13.Bc4b3 Bc8b7
14.Rf1e1 Ra8c8
15.a3 a5
16.Qd1c2 O-O
17.Qc2e4 Rf8e8
18.Ra1d1 Qd8c7
19.Qe4g4 Rc8d8
20.h3 Bb7a8
21.Bb3a2 Qc7c8
22.Re1e4 c5
23.d5 exd5
24.Ba2xd5 Ba8xd5
25.Nc3xd5 Nd7f8
26.Qg4xc8 Rd8xc8
27.a4 bxa4
28.Nf3d2 Nf8g6
29.f4 f6
30.g3 fxe5
31.f5 Ng6f8
32.Nd2c4 Nf8d7
33.Nc4xa5 Be7d8
34.Re4xa4 Rc8a8
35.Rd1a1 Ra8xa5
36.Ra4xa5 Bd8xa5
37.Ra1xa5 Re8b8
38.Ra5a7 Nd7f6
39.Nd5e7 Kh7
40.g4 e4
41.Ne7g6 e3
42.Ra7e7 Rb8xb2
43.Re7xe3 c4
44.Kf1 Rb2b5
45.Re3e5 Rb5xe5
{ draw }
1/2-1/2

[Event "Tourn. n8916"]
[Site "www.chess-mail.com"]
[Date "2016.10.22"]
[Round "1"]
[White "Andychesston"]
[Black "Bojan"]
[WhiteElo "1980"]
[BlackElo "1910"]
[Result "1-0"]
[Round "1"]
1.e4 e5
2.Ng1f3 d6
3.Bf1c4 h6
4.d4 Qd8f6
5.Nb1c3 Bc8g4
6.Nc3d5 Qf6d8
7.b3 c6
8.Nd5e3 Nb8d7
9.Ne3xg4 exd4
10.Nf3xd4 Nd7b6
11.Bc4xf7 Kxf7
12.Qd1f3 Ng8f6
13.Bc1b2 Bf8e7
14.O-O h5
15.Ng4e3 Nb6d7
16.Ne3c4 b5
17.Nd4xc6 Qd8f8
18.Ra1e1 Rh8h6
19.e5 dxe5
20.Nc4xe5 Nd7xe5
21.Nc6xe5 Kg8
22.Ne5c6 Be7c5
23.Re1e2 Ra8e8
24.Nc6e5 Bc5d6
25.Qf3b7 Nf6g4
26.f4 Bd6c5
27.Kh1 Ng4xe5
28.Qb7d5 Rh6e6
29.Re2xe5 Kf7
30.Re5f5 Kg6
31.Rf5g5 Kh7
32.Rg5xh5 Re6h6
33.Qd5xc5 Rh6xh5
34.Qc5xh5 Kg8
35.f5 Qf8f7
36.Qh5g4 Kh7
37.Qg4h4 Kg8
38.f6 g6
39.Qh4g5 a6
40.h4 Kh7
41.h5 Re8g8
42.Bb2c1 Kh8
43.h6 Rg8d8
44.Bc1b2 Rd8d5
45.Bb2e5 Kh7
46.c4 bxc4
47.bxc4 Rd5c5
48.Rf1f4 Qf7e6
49.f7 { resign }
1-0

[Event "Tourn. n8986"]
[Site "www.chess-mail.com"]
[Date "2016.10.22"]
[Round "1"]
[White "Amaya"]
[Black "Francesco"]
[WhiteElo "2090"]
[BlackElo "1940"]
[Result "1-0"]
[Round "1"]
1.d4 d5
2.e3 Ng8f6
3.Bf1d3 c6
4.f4 Bc8g4
5.Ng1f3 Nb8d7
6.Nb1d2 e6
7.O-O c5
8.c3 cxd4
9.cxd4 Ra8c8
10.Qd1e1 Bf8b4
11.Qe1g3 O-O
12.Nf3e5 a6
13.Ne5xg4 Nf6xg4
14.Qg3xg4 Nd7f6
15.Qg4h3 Qd8a5
16.Nd2f3 Rc8c7
17.Nf3g5 h6
18.Ng5f3 Rf8c8
19.a3 Bb4d6
20.Nf3e5 b5
21.Bc1d2 Qa5b6
22.b4 Bd6e7
23.g4 Qb6d6
24.g5 Nf6e4
25.gxh6 g6
26.Bd3xe4 dxe4
27.Kh1 Rc7c2
28.Rf1g1 Rc2xd2
29.Qh3h5 Rc8c2
30.Rg1xg6 fxg6
31.Qh5xg6 Kf8
32.Qg6f7 
1-0

[Event "Tourn. n8971"]
[Site "www.chess-mail.com"]
[Date "2016.10.22"]
[Round "1"]
[White "Glenno"]
[Black "Ejner"]
[WhiteElo "2400"]
[BlackElo "2460"]
[Result "0-1"]
[Round "1"]
1.e4 e6
2.d4 d5
3.Nb1c3 Bf8b4
4.e5 c5
5.a3 Bb4xc3
6.bxc3 Ng8e7
7.Qd1g4 Ne7f5
8.Bf1d3 h5
9.Qg4f4 Qd8c7
10.Bc1d2 Nb8c6
11.Ng1f3 Nc6e7
12.Nf3h4 Nf5xh4
13.Qf4xh4 c4
14.Bd3e2 Ne7f5
15.Qh4h3 Bc8d7
16.g4 Nf5e7
17.gxh5 O-O-O
18.Bd2g5 Bd7a4
 { time }
0-1

[Event "Tourn. n8995"]
[Site "www.chess-mail.com"]
[Date "2016.10.22"]
[Round "1"]
[White "Julian"]
[Black "Libiesse"]
[WhiteElo "2000"]
[BlackElo "1990"]
[Result "1-0"]
[Round "1"]
1.e4 c5
2.Ng1f3 e6
3.c3 d5
4.exd5 exd5
5.d4 Ng8f6
6.Bf1d3 Nb8c6
7.O-O Bc8g4
8.Bc1g5 Bf8e7
9.Rf1e1 O-O
10.h3 Bg4h5
11.Nb1d2 Rf8e8
12.g4 Nf6xg4
13.Bg5xe7 Re8xe7
14.hxg4 Bh5xg4
15.Re1xe7 Qd8xe7
16.Qd1f1 Qe7f6
17.Qf1g2 Bg4xf3
18.Nd2xf3 Ra8e8
19.Qg2h3 cxd4
20.Qh3xh7 Kf8
21.Qh7h8 Ke7
22.Ra1e1 { resign }
1-0

[Event "Tourn. n8954"]
[Site "www.chess-mail.com"]
[Date "2016.10.22"]
[Round "1"]
[White "Julian"]
[Black "Mitja"]
[WhiteElo "2020"]
[BlackElo "1900"]
[Result "0-1"]
[Round "1"]
1.e4 d5
2.exd5 Qd8xd5
3.Nb1c3 Qd5d8
4.d4 e6
5.Ng1f3 c6
6.Bf1d3 h6
7.O-O Ng8e7
8.Rf1e1 Ne7d5
9.Nc3e2 Nb8d7
10.c4 Nd5b4
11.Bd3b1 Nd7f6
12.a3 Nb4a6
13.b4 b6
14.Bc1b2 Bf8e7
15.Nf3e5 Bc8b7
16.Qd1a4 Qd8c7
17.Ne2f4 O-O
18.b5 cxb5
19.cxb5 Na6b8
20.Bb1a2 Nb8d7
21.Ra1c1 Qc7b8
22.Ne5xd7 Nf6xd7
23.Nf4xe6 fxe6
24.Ba2xe6 Kh8
25.Be6xd7 Qb8d6
26.Bd7c6 Bb7xc6
27.Rc1xc6 Qd6d7
28.d5 Be7c5
29.Rc6xh6 Kg8
30.Rh6g6 Rf8f7
31.Qa4c4 Bc5xf2
32.Kh1 Bf2xe1
33.d6 Qd7f5
34.Rg6xg7 Kf8
35.Rg7xf7 Qf5xf7
36.Qc4xf7 Kxf7
37.Bb2e5 Ra8c8
38.h3 Ke6
39.Be5f4 Rc8c5
40.a4 Rc5c4
41.g3 Rc4xa4
42.Kg2 Be1b4
43.h4 Bb4xd6
44.Kf3 Bd6xf4
45.gxf4 Kf5
46.h5 Ra4xf4
47.Kg3 Kg5
48.h6 Rf4f7
{ resign }
0-1

[Event "Tourn. n8981"]
[Site "www.chess-mail.com"]
[Date "2016.10.22"]
[Round "1"]
[White "Norlavuaram"]
[Black "Osopanda"]
[WhiteElo "2160"]
[BlackElo "2030"]
[Result "0-1"]
[Round "1"]
1.e4 c5
2.Ng1f3 d6
3.d4 cxd4
4.Nf3xd4 Ng8f6
5.Nb1c3 a6
6.Bc1g5 e6
7.Qd1d2 Bf8e7
8.O-O-O O-O
9.Bf1e2 b5
10.f3 Bc8b7
11.h4 Nb8d7
12.g4 Ra8c8
13.h5 Nd7e5
14.Kb1 Ne5c4
15.Be2xc4 Rc8xc4
16.Nd4e2 h6
17.Bg5e3 d5
18.g5 hxg5
19.Be3xg5 dxe4
20.Qd2xd8 Rf8xd8
21.Rd1xd8 Be7xd8
22.fxe4 e5
23.b3 Rc4c6
24.h6 g6
25.Rh1d1 Rc6c8
26.Bg5xf6 Bd8xf6
27.Rd1d7 Bb7c6
28.Rd7a7 b4
29.Nc3d5 Bc6xd5
30.exd5 e4
31.Ra7xa6 Bf6g5
32.Ra6c6 Rc8d8
33.d6 Bg5xh6
34.c3 bxc3
35.Ne2xc3 e3
36.Nc3e2 f5
37.Kc2 f4
38.Ne2xf4 Bh6xf4
39.Kd3 Rd8xd6
40.Rc6xd6 Bf4xd6
41.Kxe3 Kf7
42.Kf3 Ke6
43.Kg4 Kf6
44.Kf3 Bd6a3
{ resign }
0-1

[Event "Tourn. n8867"]
[Site "www.chess-mail.com"]
[Date "2016.10.22"]
[Round "1"]
[White "Jose"]
[Black "Ejner"]
[WhiteElo "2760"]
[BlackElo "2470"]
[Result "1-0"]
[Round "1"]
1.Ng1f3 Ng8f6
2.b3 d5
3.Bc1b2 Bc8f5
4.e3 e6
5.c4 c6
6.Bf1e2 h6
7.O-O Nb8d7
8.d4 Bf8e7
9.Nb1c3 Nf6e4
10.Nc3xe4 Bf5xe4
11.Nf3e1 O-O
12.Be2d3 Be4xd3
13.Ne1xd3 Rf8e8
14.a4 a5
15.Qd1e2 Qd8b6
16.Rf1c1 Be7f8
17.g3 Re8d8
18.Kg2 Qb6a6
19.Ra1b1 Ra8c8
20.Nd3f4 b6
21.e4 Nd7f6
22.f3 Rd8e8
23.Rc1c2 g6
24.e5 Nf6d7
25.Rb1c1 Qa6b7
26.h4 Bf8g7
27.cxd5 cxd5
28.Bb2a3 Bg7f8
29.Ba3d6 Rc8xc2
30.Qe2xc2 Kg7
31.h5 g5
32.Nf4d3 Re8d8
33.f4 Bf8xd6
34.exd6 Nd7f6
35.fxg5 hxg5
36.Nd3e5 Rd8xd6
37.Rc1f1 Qb7e7
38.Qc2c1 Nf6e4
39.Rf1xf7 Qe7xf7
40.Ne5xf7 Kxf7
41.Qc1c7 { resign }
1-0

[Event "Tourn. n8978"]
[Site "www.chess-mail.com"]
[Date "2016.10.22"]
[Round "1"]
[White "Falcoale"]
[Black "Redabond"]
[WhiteElo "1570"]
[BlackElo "1680"]
[Result "1-0"]
[Round "1"]
1.e4 e5
2.Ng1f3 Nb8c6
3.d4 f6
4.dxe5 Nc6xe5
5.Nb1c3 Bf8c5
6.Bf1e2 Ne5g4
7.O-O d6
8.h3 Ng4e5
9.a3 Bc8e6
10.b4 Bc5b6
11.Nf3xe5 dxe5
12.Bc1b2 Qd8xd1
13.Ra1xd1 Bb6d4
14.Bb2a1 O-O-O
15.Nc3b5 Kb8
16.Nb5xd4 Be6d7
17.Nd4f5 g6
18.Nf5g3 Ng8e7
19.a4 Bd7xa4
20.Be2d3 Rd8xd3
21.Rd1xd3 Ba4xc2
22.Rd3c3 Bc2a4
23.Rf1c1 c6
24.Ng3f1 Ba4b5
25.Nf1e3 h5
26.Ne3c4 Rh8d8
27.Nc4a3 Bb5e2
28.f3 f5
29.exf5 Ne7xf5
30.Na3c4 Nf5g3
31.Kf2 Be2xc4
32.Rc3xc4 Ng3f5
33.Ba1xe5 Kc8
34.b5 Rd8d2
35.Kg1 Nf5e3
36.Rc4e4 Ne3f5
37.bxc6 b6
38.c7 Nf5e7
39.Be5f4 Rd2d7
40.Re4a4 Ne7d5
41.Bf4h2 Nd5xc7
42.Ra4xa7 { resign }
1-0

[Event "Match"]
[Site "www.echecsemail.com"]
[Date "2016.10.22"]
[Round "1"]
[White "Raulazo"]
[Black "Silent1"]
[WhiteElo "1910"]
[BlackElo "1860"]
[Result "1-0"]
[Round "1"]
1.Ng1f3 Ng8f6
2.Nb1c3 Nb8c6
3.e4 e5
4.Bf1c4 h6
5.O-O d6
6.h3 Bf8e7
7.Rf1e1 O-O
8.Bc4d5 Bc8e6
9.Bd5xc6 bxc6
10.d3 Qd8c8
11.Kh2 Nf6h7
12.Re1e3 Be7g5
13.Re3e1 Bg5xc1
14.Qd1xc1 Nh7f6
15.Re1e3 Nf6h5
16.g4 Nh5f6
17.Qc1g1 g5
18.d4 exd4
19.Nf3xd4 Be6d7
20.Re3f3 Qc8d8
21.Ra1e1 Nf6h7
22.e5 c5
23.Nd4e2 Bd7c6
24.Rf3f5 dxe5
25.Rf5xe5 Qd8d6
26.Ne2g3 Rf8e8
27.Ng3f5 Qd6d2
28.Nf5e7 Kg7
29.Ne7xc6 Re8xe5
30.Nc6xe5 Qd2f4
31.Kh1 Ra8e8
32.Ne5d3 Qf4f3
33.Kh2 Qf3c6
34.Qg1h1 Qc6d6
35.Kg2 Qd6c6
36.Kg3 Qc6d6
37.Kg2 Qd6c6
38.f3 f6
39.Qh1g1 Re8xe1
40.Qg1xe1 Kf7
41.Qe1f2 c4
42.Nd3b4 Qc6d6
43.Nb4d5 a6
44.Qf2d4 c6
45.Qd4a7 Kg8
46.Nd5e7 { resign }
1-0

[Event "Match"]
[Site "www.echecsemail.com"]
[Date "2016.10.22"]
[Round "1"]
[White "Ericleo1980"]
[Black "Chapi"]
[WhiteElo "2130"]
[BlackElo "2160"]
[Result "1-0"]
[Round "1"]
1.e4 c5
2.Ng1f3 Nb8c6
3.d4 cxd4
4.Nf3xd4 g6
5.Nd4xc6 bxc6
6.Qd1d4 f6
7.Bf1c4 e6
8.Nb1c3 Qd8b6
9.Qd4d3 Bf8c5
10.O-O Ng8e7
11.Nc3a4 Qb6a5
12.Na4xc5 Qa5xc5
13.Bc1e3 Qc5h5
14.Qd3d6 Qh5e5
15.Qd6xe5 fxe5
16.Be3h6 d5
17.Bc4d3 c5
18.Bh6g7 Rh8g8
19.Bd3b5 Bc8d7
20.Bb5xd7 Kxd7
21.Bg7xe5 Ne7c6
22.Be5g3 d4
23.Rf1d1 e5
24.f4 Ke6
25.c3 Rg8f8
26.fxe5 Ra8d8
27.cxd4 cxd4
28.Ra1c1 Nc6xe5
29.Rc1c5 Ne5g4
30.h3 Ng4f6
31.Rc5c6 Kf7
32.Rc6xf6 Kxf6
33.Bg3h4 g5
34.Bh4g3 h5
35.Kf2 h4
36.Bg3h2 Rd8d7
37.Ke2 Kg6
38.e5 Rd7f7
39.Bh2g1 Kf5
40.Bg1xd4 g4
41.hxg4 Kxg4
42.Bd4c5 Rf8c8
43.b4 Rf7c7
44.Rd1e1 Rc7xc5
45.bxc5 Rc8xc5
46.Kd3 Rc5c7
47.e6 Rc7e7
48.Kd4 Kf5
49.Kd5 Kf6
50.Re1f1 Kg6
51.Kd6 Re7b7
52.e7 { resign }
1-0

[Event "Match"]
[Site "www.echecsemail.com"]
[Date "2016.10.22"]
[Round "1"]
[White "Bojan"]
[Black "Mitja"]
[WhiteElo "1970"]
[BlackElo "1990"]
[Result "0-1"]
[Round "1"]
1.c4 d5
2.d3 c6
3.Qd1c2 dxc4
4.dxc4 e6
5.e4 h6
6.Bc1e3 Ng8f6
7.f3 Nb8a6
8.a3 Bf8c5
9.Be3d2 Qd8d4
10.Bd2f4 Qd4d8
11.Nb1c3 Qd8b6
12.Ng1h3 Qb6d8
13.Bf1d3 Bc5b6
14.b4 Bb6c7
15.Bf4e3 b6
16.Ra1d1 O-O
17.c5 Qd8e7
18.cxb6 axb6
19.Qc2b3 Bc8b7
20.Nc3a4 b5
21.Na4c5 Bc7d6
22.Nc5xb7 Qe7xb7
23.O-O Bd6c7
24.Rd1d2 Bc7b6
25.Bd3c2 Rf8d8
26.Rf1d1 Rd8xd2
27.Rd1xd2 Bb6xe3
28.Qb3xe3 Qb7c7
29.e5 Nf6h7
30.Qe3e4 Nh7f8
31.Rd2d6 Ra8c8
32.Nh3f4 Na6b8
33.Nf4h5 Qc7a7
34.Rd6d4 Rc8d8
35.Kf1 Rd8xd4
36.Qe4e3 Rd4d1
37.Ke2 Rd1e1
{ resign }
0-1

[Event "Match"]
[Site "www.echecsemail.com"]
[Date "2016.10.22"]
[Round "1"]
[White "Pramod"]
[Black "Genius3"]
[WhiteElo "1559"]
[BlackElo "1650"]
[Result "0-1"]
[Round "1"]
1.d4 Ng8f6
2.c4 e6
3.Nb1c3 Bf8b4
4.Bc1g5 c5
5.e3 d5
6.Ng1f3 O-O
7.Bf1d3 Nb8c6
8.a3 Bb4xc3
9.bxc3 { time. }
0-1